| 000 | 00523nam a2200193 i 4500 | ||
|---|---|---|---|
| 001 | bg | ||
| 100 | 1 | _aCURRID, Cheryl C. | |
| 245 | 0 |
_aPrzewodnik po sieciach NetWare 4.0 / _cCheryl C. Curried i Stephen Saxon - T. 1. |
|
| 260 |
_aWarszawa : _bWydaw. EXIT, _c1994. |
||
| 300 |
_a389 s. : _brys. ; _c21 cm. |
||
| 700 | 1 | _aSAXON, Stephen | |
| 020 | _a8385451242 | ||
| 040 | _cBPK | ||
| 041 | _apol | ||
| 080 | _a681.322.066:681.324 | ||
| 920 | _a83-85451-24-2 | ||
| 942 | _cKS | ||
| 008 | s pl f |000 0 pol | ||
| 999 |
_c6554 _d6554 |
||
| 856 |
_uhttp://koha.tu.koszalin.pl/cgi-bin/koha/opac-detail.pl?biblionumber=6554 _yKatalog online BPK |
||